Voľba zariadenia na katalytické krakovanie v MĽR

Bibliographic Details
Main Authors: Rátosi, Ernö (Author), Horváth, József (Author), Farkas, János (Author)
Format: Article
Language:Slovak
PhysicalDescription:Tb. 10. Sch. 2. Diagr. 3. Graf 1.
Subjects:

MARC

LEADER 00000nab a2200000 a 4500
001 vtls000191192
003 SK-MaSNL
005 20260304053835.0
008 250422c1984 xo 0 slo
015 |a SNBRB19rr/mm-uuuuu 
035 |a CL0201305 
035 |a urn:nbn:sk:snk-abanv7 
035 |a (urnnbn)urn:nbn:sk:snk:ar-a0a55o 
035 |a (uuid)77e0ac4e-86e9-4d0a-b51f-30679e8cf7f6 
040 |a SNKBUCL  |b slo  |c SNKBUCL  |e AACR2 
041 0 |a slo 
044 |a xo  |c SK 
080 |a 665.64(439)  |2 1981 
100 1 |a Rátosi, Ernö  |4 aut  |9 1338405 
245 1 0 |a Voľba zariadenia na katalytické krakovanie v MĽR  |c Ernö Rátosi, József Horváth, János Farkas 
300 |b Tb. 10. Sch. 2. Diagr. 3. Graf 1. 
650 0 7 |a krakovanie  |2 snkbucl  |9 119350 
655 7 |a články z novín a časopisov  |2 snkbucl  |9 267496 
700 1 |a Horváth, József  |4 aut  |9 283498 
700 1 |a Farkas, János  |4 aut  |9 972746 
773 0 |t Ropa a uhlie  |g Roč. 26, č. 7 (1984), s. 377-392 
850 |a Slovenská národná knižnica 
852 |a Slovenská národná knižnica 
958 |a article14 
958 |a OND 
958 |a RK 
958 |a HU 
958 |a EUIPO 
992 |a RBX 
999 |c 2715613  |d 2717543